Loading...
| Science - Chemistry | 0 | 4 | 1 | 1 | 35 | 95 | 122.75 | 1 | 1 | 0.00 | 0.00 |
| Science - Other | 0 | 4 | 1 | 1 | 35 | 78 | 115.75 | 1 | 2 | 0.00 | 0.00 |
| Social Science | 0 | 4 | 2 | 0 | 30 | 104 | 112.75 | 2 | 4 | 0.00 | 0.00 |
| Fine Arts - Visual | 0 | 3 | 0 | 0 | 30 | 101 | 120.33 | 1 | 2 | 0.00 | 0.00 |
| Literature - American | 0 | 3 | 2 | 1 | 20 | 147 | 154.67 | 0 | 3 | 0.00 | 0.00 |
| Science - Biology | 0 | 2 | 0 | 1 | 20 | 124 | 127.50 | 0 | 2 | 0.00 | 0.00 |
| Other Academic | 0 | 2 | 0 | 1 | 20 | 117 | 130.50 | 0 | 1 | 0.00 | 0.00 |
| Literature - British | 0 | 2 | 0 | 0 | 20 | 113 | 117.50 | 0 | 2 | 0.00 | 0.00 |
| Fine Arts - Auditory | 0 | 2 | 1 | 0 | 15 | 133 | 139.50 | 0 | 1 | 0.00 | 0.00 |
| Philosophy | 0 | 1 | 0 | 0 | 10 | 154 | 154.00 | 0 | 0 | 0.00 | 0.00 |
| Science - Physics | 0 | 2 | 2 | 1 | 10 | 112 | 123.50 | 0 | 1 | 0.00 | 0.00 |
| History - American | 0 | 1 | 0 | 1 | 10 | 136 | 136.00 | 0 | 0 | 0.00 | 0.00 |
| Geography | 0 | 1 | 0 | 0 | 10 | 102 | 102.00 | 0 | 0 | 0.00 | 0.00 |
| Religion | 0 | 1 | 0 | 0 | 10 | 143 | 143.00 | 1 | 1 | 0.00 | 0.00 |
| Fine Arts - Other | 0 | 2 | 2 | 0 | 10 | 149 | 149.50 | 0 | 0 | 0.00 | 0.00 |
| History - European | 0 | 1 | 1 | 1 | 5 | 147 | 147.00 | 0 | 1 | 0.00 | 0.00 |
| History - Ancient/Other | 0 | 0 | 0 | 0 | 0 | 0.00 | 0 | 0 | 0.00 | 0.00 | |
| Literature - European | 0 | 0 | 0 | 0 | 0 | 0.00 | 0 | 0 | 0.00 | 0.00 | |
| Literature - World | 0 | 0 | 1 | 0 | -5 | 0.00 | 0 | 0 | 0.00 | 0.00 |